[Event "8th RTU Open 2018"]
[Site "Riga"]
[Date "2018.08.07"]
[Round "2"]
[White "Krykun, Yuriy"]
[Black "Stocek, Jiri"]
[Result "0-1"]
[WhiteElo "2325"]
[BlackElo "2582"]
[Annotator "RC"]
[PlyCount "100"]
[EventDate "2018.08.06"]
[EventType "swiss"]
[EventCountry "LAT"]
[SourceTitle "playchess.com"]
[Source "ChessBase"]
[SourceQuality "1"]
[TimeControl "5400+30"]

1. Nf3 {[%emt 0:00:00]} d6 {[%emt 0:03:04]} 2. d4 {[%emt 0:01:27]} g6 {[%emt 0:05:45]} 3. g3 {[%emt 0:04:23]} Bg7 {[%emt 0:00:19]} 4. Bg2 {[%emt 0:00:17]} c5 {[%emt 0:00:49]} 5. O-O {[%emt 0:03:50]} cxd4 {[%emt 0:00:10]} 6. Nxd4 {[%emt 0:00:05]} Qb6 {[%emt 0:02:37]} 7. Nb3 {[%emt 0:02:10]} Qc7 {[%emt 0:00:46]} 8. e4 {[%emt 0:03:26]} Nd7 {[%emt 0:03:25]} 9. a4 {[%emt 0:04:34]} a6 {[%emt 0:04:16]} 10. a5 {[%emt 0:02:20]} h5 {[%emt 0:00:50]} 11. h3 {[%emt 0:04:44]} Rb8 {[%emt 0:02:50]} 12. Nd4 {[%emt 0:07:28]} b5 {[%emt 0:14:45]} 13. axb6 {[%emt 0:06:29]} Nxb6 {[%emt 0:08:32]} 14. b3 {[%emt 0:06:09]} Nf6 {[%emt 0:02:29]} 15. c4 {[%emt 0:01:00]} O-O {[%emt 0:05:13]} 16. Nc3 {[%emt 0:02:16]} e6 {[%emt 0:05:23]} 17. Be3 {[%emt 0:06:39]} Bb7 {[%emt 0:03:21]} 18. Qd2 {[%emt 0:04:09]} Rfe8 {[%emt 0:03:19]} 19. Rfd1 {[%emt 0:03:12]} Nbd7 {[%emt 0:00:52]} 20. Rac1 {[%emt 0:06:54]} Nc5 {[%emt 0:05:03]} 21. Qc2 {[%emt 0:00:58]} Ba8 {[%emt 0:00:15]} 22. Rb1 {[%emt 0:01:57]} Rec8 {[%emt 0:05:35]} 23. Nde2 {[%emt 0:03:18]} Qc6 {[%emt 0:04:02]} 24. Nd4 {[%emt 0:01:04]} Qb7 {[%emt 0:01:08]} 25. f3 {[%emt 0:03:09]} Qc7 {[%emt 0:01:47]} 26. Bf2 {[%emt 0:00:52]} Qa5 {[%emt 0:05:01]} 27. Be1 {[%emt 0:05:36]} Qc7 {[%emt 0:00:06]} 28. Bf2 {[%emt 0:00:25]} Ncd7 {[%emt 0:01:28]} 29. Qd2 {[%emt 0:01:57]} Bf8 {[%emt 0:00:11]} 30. Nde2 {[%emt 0:02:06]} Nc5 {[%emt 0:01:19]} 31. Qc2 {[%emt 0:01:02]} Bh6 {[%emt 0:03:43]} 32. Bd4 {[%emt 0:03:48]} Ncd7 {[%emt 0:00:28]} 33. Ra1 {[%emt 0:00:58]} Bb7 {[%emt 0:02:58]} 34. Qa2 {[%emt 0:01:00]} d5 {[%emt 0:01:03]} 35. exd5 {[%emt 0:03:12]} exd5 {[%emt 0:00:08]} 36. c5 {[%emt 0:00:39]} Bc6 {[%emt 0:01:04]} 37. Rab1 {[%emt 0:00:39]} a5 {[%emt 0:00:53]} 38. Bf2 {[%emt 0:01:37]} Bf8 {[%emt 0:00:47]} 39. Nf4 {[%emt 0:02:53]} h4 {[%emt 0:01:30]} 40. Nfxd5 {[%emt 0:00:34]} Nxd5 {[%emt 0:00:38]} 41. Nxd5 {[%emt 0:00:01]} Bxd5 {[%emt 0:00:25]} 42. Rxd5 {[%emt 0:00:01]} hxg3 {[%emt 0:00:07]} 43. Bd4 {[%emt 0:00:21]} Bxc5 {[%emt 0:00:41]} 44. Bxc5 {[%emt 0:01:13]} Nxc5 {[%emt 0:00:08]} 45. h4 {[%emt 0:00:12]} Rd8 {[%emt 0:01:09]} 46. Rg5 {[%emt 0:00:24]} Nxb3 {[%emt 0:01:27]} 47. Rxb3 {[%emt 0:01:27]} Qa7+ {[%emt 0:00:31]} 48. Kf1 {[%emt 0:00:30]} Rd1+ {[%emt 0:00:17]} 49. Ke2 {[%emt 0:00:05]} Qf2+ {[%emt 0:00:13]} 50. Kxd1 {[%emt 0:00:03]} Rd8+ {[%emt 0:00:10]} 0-1

[Event "8th RTU Open 2018"]
[Site "Riga"]
[Date "2018.08.07"]
[Round "2"]
[White "Narva, Mai"]
[Black "Petrosyan, Manuel"]
[Result "0-1"]
[WhiteElo "2320"]
[BlackElo "2567"]
[Annotator "TA"]
[PlyCount "104"]
[EventDate "2018.08.06"]
[EventType "swiss"]
[EventCountry "LAT"]
[SourceTitle "playchess.com"]
[Source "ChessBase"]
[SourceQuality "1"]

{[%evp 13,104,25,47,44,39,33,50,38,46,8,19,6,8,10,14,14,16,14,20,15,7,14,19,33,28,6,22,0,25,0,32,21,60,10,38,46,50,51,64,70,89,75,70,69,61,40,52,22,20,0,40,1,24,0,43,0,0,0,0,0,0,-13,-14,-16,0,-39,-8,-9,-9,-17,-7,-137,-101,-139,-146,-180,-172,-166,-171,-170,-155,-284,-283,-631,-546,-853,-582,-1196,-529,-29995,-29996,-29996,-29997]} 1. e4 c6 2. Nc3 d5 3. Nf3 dxe4 4. Nxe4 Nf6 5. Qe2 Nxe4 6. Qxe4 Qd5 {B11: Caro-Kann: Two Knights Variation} (6... Be6 7. b3 Bd5 8. Qe3 e6 9. Bb2 Nd7 10. Be2 Bc5 11. d4 Bxf3 12. Bxf3 Qa5+ 13. c3 Be7 14. O-O {½-½ (60) Ragger,M (2666)-Nisipeanu,L (2682) Graz 2018}) 7. Qe3 Qe6 {LiveBook: 12 Games} 8. d4 Qxe3+ {White is slightly better.} 9. Bxe3 Bf5 10. c4 $146 ({Predecessor:} 10. O-O-O h6 11. Ne5 e6 12. Bd3 Bxd3 13. Rxd3 {½-½ (27) Marosi,L (2274)-Nomin Erdene,D (2356) Kecskemet 2015}) 10... e6 11. a3 Nd7 {[%cal Bb8d7,Bd7f6,Bf6e4][%mdl 32]} 12. Be2 h6 13. O-O Bd6 14. Rfd1 Nf6 15. Ne5 Ke7 16. Bf3 g5 17. g3 Be4 18. Bxe4 Nxe4 19. f3 Nf6 20. b4 Rac8 21. a4 Rhd8 22. Nd3 b6 23. Bf2 g4 24. Kg2 h5 25. b5 gxf3+ 26. Kxf3 cxb5 {[#]} 27. c5 $1 {[%cal Rc5d6]} Bb8 28. axb5 Nd5 29. Rac1 f6 30. h3 Rg8 31. Re1 Rcd8 32. Re2 Kf7 33. Rce1 Rge8 34. Kg2 Nc3 35. Rb2 bxc5 36. Nxc5 Bc7 37. Rc1 Nd5 38. Ne4 f5 $36 {[%mdl 2048] Black has some pressure.} 39. Nc3 Bb6 40. Na4 {[#]} h4 $1 {[%mdl 512]} 41. Nxb6 (41. gxh4 Nf4+) 41... axb6 42. Rc6 (42. gxh4 $11 Ra8 43. Kh2) 42... hxg3 43. Kxg3 Ra8 44. Rb3 Ra2 45. Kf3 Rh8 46. h4 Rg8 {Strongly threatening ...Rg4.} 47. Rc4 (47. Bg3 $17) 47... Ra1 $19 48. Rb2 $2 (48. Bg3) 48... Rh1 49. Ke2 Rg2 50. Rcc2 Kf6 (50... Nf4+ $142 51. Kd2 Rxf2+ 52. Ke3 Rff1) 51. Rd2 Nf4+ 52. Kf3 Rh3+ {Precision: White = 33%, Black = 58%.} 0-1

[Event "8th RTU Open 2018"]
[Site "Riga"]
[Date "2018.08.07"]
[Round "2"]
[White "Dordzhieva, Dinara"]
[Black "Ter Sahakyan, Samvel"]
[Result "0-1"]
[WhiteElo "2314"]
[BlackElo "2551"]
[Annotator "TA"]
[PlyCount "74"]
[EventDate "2018.08.06"]
[EventType "swiss"]
[EventCountry "LAT"]
[SourceTitle "playchess.com"]
[Source "ChessBase"]
[SourceQuality "1"]

{[%evp 24,74,-53,-71,-71,-72,-73,-85,-68,-94,-78,-102,-68,-74,-77,-128,-130,-128,-118,-153,-139,-153,-151,-137,-130,-162,-125,-130,-123,-124,-93,-103,-94,-191,-185,-196,-185,-266,-254,-254,-245,-378,-381,-499,-485,-494,-497,-527,-512,-471,-445,-633,-623]} 1. d4 Nf6 2. c4 e6 3. Nc3 Bb4 4. Qc2 d5 5. a3 Bxc3+ 6. Qxc3 Ne4 7. Qc2 c5 8. dxc5 Nc6 9. Nf3 Qa5+ 10. Bd2 {E37: Nimzo-Indian: Classical: 4...d5 5 a3 Bxc3+ 6 Qxc3 Ne4} (10. Nd2 Nxd2 11. Bxd2 Qxc5 12. e3 dxc4 13. Bxc4 Ne5 14. Bb3 Bd7 15. O-O Qxc2 16. Bxc2 Bc6 17. Rfd1 O-O 18. Bc3 {½-½ (123) Mamedyarov,S (2808)-Karjakin,S (2782) Leuven 2018}) 10... Qxc5 11. e3 Nxd2 12. Qxd2 dxc4 13. Qc3 {[#] LiveBook: 9 Games} Qa5 $1 14. Bxc4 {Black must now prevent b4.} Qxc3+ 15. bxc3 Ke7 16. O-O $146 ({Predecessor:} 16. Ke2 b6 17. Bb5 Bb7 18. Bxc6 Bxc6 {0-1 (40) Zhao,X (2495)-Hou,Y (2602) Jiangsu Wuxi 2011}) 16... Bd7 17. Bb5 Rhc8 18. Rfd1 Rc7 19. Nd2 ({White should play} 19. a4) 19... Na5 $17 20. Bxd7 Rxd7 21. Ne4 Rxd1+ 22. Rxd1 {[%mdl 4096] Endgame KRN-KRN} f5 {[%cal Bf7f5,Bf5f4][%mdl 32]} 23. Ng3 Rd8 24. Ra1 Rd2 25. e4 f4 26. Nh5 g5 27. h4 h6 {[%cal Bh7h6,Bh6g5][%mdl 32]} 28. hxg5 (28. Rb1 $17) 28... hxg5 $19 29. Rb1 {[#] With the idea Rb5.} a6 $1 30. Rb6 (30. g3 {was called for.}) 30... Rd6 31. Rb1 Rd3 32. c4 (32. f3 $142) 32... Rxa3 33. e5 Rb3 {Black is clearly winning.} 34. Rc1 Rb4 35. Nf6 Nxc4 36. Ne4 g4 37. g3 (37. Nc5 $142 Nxe5 38. Re1) 37... Nxe5 {Precision: White = 23%, Black = 82%.} 0-1

[Event "8th RTU Open 2018"]
[Site "Riga"]
[Date "2018.08.07"]
[Round "2"]
[White "Mishuchkov, Nikolai Mikhailovic"]
[Black "Zakhartsov, Viacheslav V"]
[Result "1/2-1/2"]
[WhiteElo "2307"]
[BlackElo "2544"]
[Annotator "ChessBase"]
[PlyCount "40"]
[EventDate "2018.08.06"]
[EventType "swiss"]
[EventCountry "LAT"]
[SourceTitle "playchess.com"]
[Source "ChessBase"]
[SourceQuality "1"]
[TimeControl "5400+30"]

1. Nf3 {[%emt 0:00:00]} Nf6 {[%emt 0:00:00]} 2. c4 {[%emt 0:00:00]} b6 {[%emt 0:00:11]} 3. g3 {[%emt 0:03:15]} c5 {[%emt 0:00:30]} 4. Bg2 {[%emt 0:00:05]} Bb7 {[%emt 0:00:02]} 5. O-O {[%emt 0:00:05]} e6 {[%emt 0:00:37]} 6. b3 {[%emt 0:00:17]} Be7 {[%emt 0:00:23]} 7. Bb2 {[%emt 0:00:06]} O-O {[%emt 0:00:14]} 8. Nc3 {[%emt 0:00:05]} a6 {[%emt 0:00:22]} 9. e3 {[%emt 0:02:00]} Qc7 {[%emt 0:02:45]} 10. d4 {[%emt 0:02:11]} cxd4 {[%emt 0:00:26]} 11. exd4 {[%emt 0:00:09]} d5 {[%emt 0:01:38]} 12. cxd5 {[%emt 0:00:32]} Nxd5 {[%emt 0:01:31]} 13. Rc1 {[%emt 0:00:11]} Nxc3 {[%emt 0:14:51]} 14. Rxc3 {[%emt 0:01:13]} Qd6 {[%emt 0:00:57]} 15. Ne5 {[%emt 0:01:47]} Bxg2 {[%emt 0:04:00]} 16. Kxg2 {[%emt 0:00:25]} Nd7 {[%emt 0:01:04]} 17. Rc6 {[%emt 0:09:45]} Qd5+ {[%emt 0:02:01]} 18. Qf3 {[%emt 0:00:08]} Qxf3+ {[%emt 0:00:13]} 19. Kxf3 {[%emt 0:09:49]} Nxe5+ {[%emt 0:00:48]} 20. dxe5 {[%emt 0:00:12]} Bc5 1/2-1/2

[Event "8th RTU Open 2018"]
[Site "Riga"]
[Date "2018.08.07"]
[Round "2"]
[White "Chukavin, Kirill"]
[Black "Meskovs, Nikita"]
[Result "0-1"]
[WhiteElo "2291"]
[BlackElo "2524"]
[Annotator "RC"]
[PlyCount "80"]
[EventDate "2018.08.06"]
[EventType "swiss"]
[EventCountry "LAT"]
[SourceTitle "playchess.com"]
[Source "ChessBase"]
[SourceQuality "1"]
[TimeControl "5400+30"]

1. e4 {[%emt 0:00:00]} Nf6 {[%emt 0:00:00]} 2. e5 {[%emt 0:00:34]} Nd5 {[%emt 0:00:00]} 3. d4 {[%emt 0:00:18]} d6 {[%emt 0:00:00]} 4. Nf3 {[%emt 0:00:19]} Bg4 {[%emt 0:00:00]} 5. Be2 {[%emt 0:00:56]} e6 {[%emt 0:00:03]} 6. O-O {[%emt 0:02:48]} Be7 {[%emt 0:00:05]} 7. c4 {[%emt 0:01:07]} Nb6 {[%emt 0:00:05]} 8. Nc3 {[%emt 0:01:30]} O-O {[%emt 0:00:41]} 9. h3 {[%emt 0:01:50]} Bh5 {[%emt 0:00:10]} 10. Be3 {[%emt 0:09:54]} d5 {[%emt 0:04:06]} 11. c5 {[%emt 0:06:18]} Bxf3 {[%emt 0:00:11]} 12. Bxf3 {[%emt 0:01:24]} Nc4 {[%emt 0:00:06]} 13. Bc1 {[%emt 0:11:17]} b6 {[%emt 0:00:24]} 14. b3 {[%emt 0:05:29]} Na5 {[%emt 0:00:24]} 15. cxb6 {[%emt 0:02:23]} axb6 {[%emt 0:06:52]} 16. Be2 {[%emt 0:00:33]} c5 {[%emt 0:01:44]} 17. Nb5 {[%emt 0:00:25]} Nbc6 {[%emt 0:00:43]} 18. Bb2 {[%emt 0:05:41]} Qd7 {[%emt 0:01:34]} 19. f4 {[%emt 0:08:06]} c4 {[%emt 0:06:04]} 20. bxc4 {[%emt 0:07:31]} Nxc4 {[%emt 0:03:37]} 21. Bxc4 {[%emt 0:03:43]} dxc4 {[%emt 0:01:03]} 22. a4 {[%emt 0:03:03]} Rfc8 {[%emt 0:07:08]} 23. Qf3 {[%emt 0:05:11]} Nb4 {[%emt 0:03:59]} 24. f5 {[%emt 0:03:01]} exf5 {[%emt 0:00:30]} 25. Qxf5 {[%emt 0:03:08]} Qxf5 {[%emt 0:00:05]} 26. Rxf5 {[%emt 0:00:10]} Nd5 {[%emt 0:00:03]} 27. Nc3 {[%emt 0:02:21]} Rd8 {[%emt 0:22:21]} 28. Nxd5 {[%emt 0:01:20]} Rxd5 {[%emt 0:00:04]} 29. Raf1 {[%emt 0:00:50]} Bb4 {[%emt 0:07:51]} 30. Rxf7 {[%emt 0:06:09]} c3 {[%emt 0:00:10]} 31. Bc1 {[%emt 0:00:32]} Rxd4 {[%emt 0:00:44]} 32. Be3 {[%emt 0:04:07]} Rc4 {[%emt 0:09:36]} 33. R7f4 {[%emt 0:00:28]} Rxf4 {[%emt 0:01:47]} 34. Rxf4 {[%emt 0:00:02]} Rxa4 {[%emt 0:00:06]} 35. e6 {[%emt 0:02:03]} b5 {[%emt 0:07:49]} 36. Rd4 {[%emt 0:00:45]} h6 {[%emt 0:10:12]} 37. Rd7 {[%emt 0:01:16]} Ra6 {[%emt 0:02:26]} 38. Bd4 {[%emt 0:01:13]} Rc6 {[%emt 0:00:08]} 39. Rxg7+ {[%emt 0:00:46]} Kf8 {[%emt 0:00:01]} 40. Rb7 {[%emt 0:00:55]} Bc5 {[%emt 0:00:29]} 0-1

[Event "8th RTU Open 2018"]
[Site "Riga"]
[Date "2018.08.07"]
[Round "2"]
[White "Kuznecovs, Nikita"]
[Black "Annaberdiev, Meilis"]
[Result "1/2-1/2"]
[WhiteElo "2280"]
[BlackElo "2509"]
[Annotator "TA"]
[PlyCount "113"]
[EventDate "2018.08.06"]
[EventType "swiss"]
[EventCountry "LAT"]
[SourceTitle "playchess.com"]
[Source "ChessBase"]
[SourceQuality "1"]

{[%evp 25,113,25,42,10,27,22,23,-28,-26,-25,-25,-26,-17,-20,-20,-31,-21,-37,-33,-28,-22,-23,-26,-31,-16,-18,-16,-34,-34,-34,-27,-32,0,0,0,0,0,0,0,0,0,0,0,-9,-8,-8,-8,-8,-8,-8,0,-3,0,0,0,0,0,0,0,0,0,0,0,-8,0,0,0,0,0,0,0,0,0,-8,0,0,0,0,0,0,0,0,0,0,0,0,0,0,0,0]} 1. d4 Nf6 2. Bf4 e6 3. e3 c5 4. c3 b6 5. Nd2 cxd4 6. exd4 Bb7 7. Ngf3 Be7 8. Bd3 O-O 9. O-O d6 10. h3 Nbd7 11. Qe2 a6 {A47: 1 d4 Nf6 2 Nf3 b6: Torre, London and Colle Systems} 12. Rfe1 (12. a4 Re8 13. Bh2 h6 14. Rfe1 Bf8 15. Nc4 Qc7 16. Ne3 Nd5 17. Nxd5 Bxd5 18. Bxa6 Bxf3 19. gxf3 {1-0 (34) Carlsen,M (2837)-Akobian,V (2647) Riadh 2017}) 12... h6 13. a4 Re8 {LiveBook: 3 Games. White has an edge.} 14. Qf1 Bf8 15. Bh2 Qc7 16. Ne4 $146 (16. Nc4 $142) ({Predecessor:} 16. c4 e5 17. d5 Nc5 18. Bc2 b5 19. b4 {1-0 (46) Silva,E (2082)-Valderrama Quiceno,E (2433) Medellin 2018}) 16... Nxe4 17. Bxe4 Bxe4 18. Rxe4 Qc6 19. Ree1 b5 20. axb5 axb5 21. Nd2 Nb6 {[%cal Bd7b6,Bb6c4,Bc4d2][%mdl 32]} 22. Qd3 Nc4 23. b3 Nxd2 24. Qxd2 Rec8 {With the idea ...Rxa1.} 25. Rxa8 Rxa8 26. d5 Qxd5 27. Qxd5 exd5 $15 {[%mdl 4096] Endgame KRB-KRB} 28. Kf1 f6 29. Rd1 {The position is equal.} Ra3 30. b4 Rxc3 31. Rxd5 Kf7 32. Rxb5 Rb3 33. f4 g6 34. g4 Rxh3 35. Kg2 Re3 36. f5 Re2+ 37. Kh3 Re3+ 38. Kg2 gxf5 39. gxf5 d5 40. Rxd5 Re2+ 41. Kh3 Bxb4 42. Bf4 Re1 43. Kg2 h5 44. Rd3 Re2+ 45. Kf3 Re7 46. Rd1 h4 47. Rh1 Be1 48. Be3 Bg3 {[#] Threatens to win with ...Re5.} 49. Bf2 Rb7 50. Bxg3 $11 {KRB-KR} Rb3+ 51. Kf4 hxg3 {KR-KR} (51... Rb4+ {is interesting.} 52. Kf3 hxg3 53. Rg1 Rb5 54. Kf4 Ke7) 52. Rg1 Ke7 53. Rxg3 Rb4+ 54. Kf3 Kd6 55. Rg4 Rxg4 56. Kxg4 Ke5 57. Kg3 {Precision: White = 61%, Black = 59%.} 1/2-1/2

[Event "8th RTU Open 2018"]
[Site "Riga"]
[Date "2018.08.07"]
[Round "2"]
[White "Thogersen, Rasmus"]
[Black "Anurag, Mhamal"]
[Result "1/2-1/2"]
[WhiteElo "2275"]
[BlackElo "2484"]
[Annotator "TA"]
[PlyCount "105"]
[EventDate "2018.08.06"]
[EventType "swiss"]
[EventCountry "LAT"]
[SourceTitle "playchess.com"]
[Source "ChessBase"]
[SourceQuality "1"]

{[%evp 29,105,11,9,16,24,16,29,27,49,50,51,46,45,50,73,36,41,32,39,27,38,38,62,60,151,138,175,162,170,159,164,154,266,266,219,227,260,250,268,246,267,260,259,238,260,201,184,175,197,206,210,202,197,208,195,201,181,174,178,172,614,612,702,570,787,623,561,159,143,135,94,0,0,0,0,0,0,0]} 1. e4 e5 2. Nf3 Nc6 3. Bb5 a6 4. Ba4 Nf6 5. O-O Be7 6. Re1 b5 7. Bb3 d6 8. c3 O-O 9. h3 Bb7 10. d4 Nd7 {[%cal Bf6d7,Bd7f8,Bf8e6][%mdl 32]} 11. Nbd2 exd4 {C92: Closed Ruy Lopez: 9...Be6, Karpov and Flohr-Zaitsev Variations} 12. cxd4 Re8 13. Nf1 Na5 14. Bc2 Bf6 15. Bf4 (15. Ne3 Bxe4 16. Bd2 Bxc2 17. Qxc2 Nc4 18. Nxc4 Rxe1+ 19. Rxe1 bxc4 20. Qxc4 {½-½ (60) Shankland,S (2671)-Bu,X (2725) Liaocheng 2018}) 15... Nf8 {LiveBook: 22 Games} 16. Ng3 Ne6 17. Bc1 g6 18. Rb1 c5 {[%cal Rc5d4]} 19. d5 $1 {[%cal Rd5e6]} Nd4 20. Nxd4 Bxd4 21. b3 {[#]} Qh4 $146 ({Predecessor:} 21... Bc8 22. Bf4 b4 {½-½ (22) Pavlidis,A (2522)-Bok,B (2591) Hoogeveen 2015}) 22. Bb2 (22. Be3 $5 {[%cal Re3d4]}) 22... Bxb2 23. Rxb2 {[%cal Bb1b2,Bb2e2,Be2e3,Be3f3,Bf3f4][%mdl 32]} Bc8 24. Bb1 Bd7 25. Rbe2 Re5 26. Qd2 b4 (26... Nb7 $14) 27. Kh2 $16 g5 28. Bc2 Nb7 29. Re3 a5 30. Bd1 g4 (30... a4 $16 {was called for.}) 31. f4 $18 gxf3 32. Rxf3 c4 33. bxc4 Nc5 34. Rf4 Qg5 35. Nh5 Kh8 36. h4 Qh6 37. g4 Rxh5 38. gxh5 {[%cal Bg4h5,Bh5h6][%mdl 32]} Nd3 39. Ref1 ({Stronger than} 39. Qxd3 Qxf4+ 40. Qg3 Qd2+ 41. Re2 Qxd1 $11) 39... Nxf4 40. Qxf4 ({Don't play} 40. Rxf4 $6 Qg7 $16) 40... Qxf4+ 41. Rxf4 {[%mdl 4096] Endgame KRB-KRB} Kg7 42. h6+ $1 Kf8 {[#]} 43. c5 $1 {[%cal Rc5d6]} dxc5 {[#]} 44. e5 $1 {[%cal Re5e6]} Be8 $2 (44... Kg8) 45. d6 a4 46. Bc2 b3 47. Bxh7 Bd7 48. Bg6 $2 (48. Rf2 $18 Be6 49. a3) 48... bxa2 $16 {Threatens to win with ...Be6.} 49. Rxf7+ Kg8 50. Rg7+ (50. Rf1 $16 Be6 51. Kg3) 50... Kh8 $11 {The position is equal.} 51. Rh7+ Kg8 52. Rg7+ Kh8 53. Rh7+ {Precision: White = 68%, Black = 48%.} 1/2-1/2

[Event "8th RTU Open 2018"]
[Site "Riga"]
[Date "2018.08.07"]
[Round "2"]
[White "Gurvich, Vitaly"]
[Black "Laurusas, Tomas"]
[Result "0-1"]
[WhiteElo "2272"]
[BlackElo "2463"]
[Annotator "TA"]
[PlyCount "144"]
[EventDate "2018.08.06"]
[EventType "swiss"]
[EventCountry "LAT"]
[SourceTitle "playchess.com"]
[Source "ChessBase"]
[SourceQuality "1"]

{[%evp 14,144,23,27,33,0,0,0,0,0,0,0,15,0,74,27,53,52,43,33,64,45,23,-32,-32,-34,-14,0,-8,0,364,364,355,347,331,342,335,327,350,331,314,313,350,331,319,277,257,146,146,146,146,146,145,145,147,142,139,0,0,-8,-8,-8,-8,-8,-8,-8,-8,-8,-8,-12,-8,-8,-8,-8,-8,-8,-8,-153,-152,-254,-13,-13,-13,-20,-20,-20,-20,-20,-20,-20,-8,-8,-8,-73,-11,-82,-82,-82,-82,-29961,-29960,-29962,-29964,-29963,-29965,-29965,-29966,-29966,-29966,-29968,-29969,-29969,-29970,-29968,-29970,-29971,-29972,-29971,-29971,-29972,-29973,-29972,-29972,-29973,-29974,-29973,-29973,-29973,-29974,-29987,-29988,-29988,-29989]} 1. c4 c6 2. d4 d5 3. cxd5 cxd5 4. Bg5 Nf6 5. Bxf6 gxf6 6. Nc3 {D10: Damengambit (Slawische Verteidigung)} e6 7. e3 Nd7 {[%cal Bb8d7,Bd7f6,Bf6e4][%mdl 32]} 8. Bd3 {LiveBook: 4 Partien. Weiß hat minimalen Vorteil.} f5 9. f4 $146 ({Vorgänger:} 9. h3 h5 10. h4 Nf6 11. Nge2 Bd6 {0-1 (32) Mamedyarov,S (2808)-Aronian,L (2764) Paris 2018}) 9... Rg8 10. Qd2 a6 11. Nf3 Nf6 12. O-O Ne4 13. Qe2 f6 (13... Be7 $11 {bleibt in der Remisbreite.}) 14. Rac1 Bd7 15. Bxe4 fxe4 16. Nh4 $1 f5 17. Qh5+ Ke7 18. Qxh7+ (18. Nxd5+ $1 $11 exd5 19. Qxh7+ Rg7 20. Nxf5+ Bxf5 21. Qxf5) 18... Rg7 $15 19. Qh8 Kd6 20. Kh1 Bc6 {[#]} 21. g4 $1 {[%mdl 512]} Rxg4 $2 {[%mdl 8192] [#]} (21... Qf6 $1 $11) (21... fxg4 22. f5) 22. Nxf5+ $1 $18 {[%mdl 512]} Kc7 (22... exf5 23. Qe5+) 23. h3 exf5 24. hxg4 fxg4 25. Kg2 Kb6 26. Rh1 Ka7 27. Qh5 Qb6 28. Rc2 ({Weniger gut wäre} 28. Qxg4 Qxb2+ 29. Qe2 Qa3 $18) 28... Rd8 29. Qf5 Bg7 {Falls Schwarz jetzt zu ...Lxd4 käme, bestünde noch etwas Hoffnung.} 30. Rh7 (30. Ne2 $18) 30... Bxd4 $16 31. exd4 Qxd4 32. Nxe4 $1 dxe4 33. Qc5+ $1 ({Viel schlechter ist} 33. Rxc6 $6 Qd2+ 34. Kg3 Qe1+ 35. Kxg4 Rg8+ 36. Rg6 Qg1+ 37. Kh5 Qh2+ 38. Kg4 Qg1+ 39. Kh5 Qh2+ 40. Kg5 Qxh7 $11) 33... Qxc5 34. Rxc5 {[%mdl 4096] Endspiel KTT-KTL} Kb6 35. b4 (35. Re5 $16) 35... e3+ $11 36. Kg3 {Und weiter mit Te7 wäre nett.} Rd1 $1 {[%cal Rd1g1] Droht stark ...Tg1+.} 37. Re7 Rg1+ 38. Kh4 $132 {[%mdl 2048] Weiss has counterplay} g3 39. Rxe3 g2 {...Th1+ ist eine echte Drohung.} 40. Kg3 Rf1 41. Rxc6+ $1 Kxc6 42. Kxg2 Rxf4 {KT-KT} 43. a3 Rf7 44. Re5 $1 Rd7 45. a4 {[#]} (45. Rc5+ $11 Kb6 46. a4) 45... Rd4 $1 $17 {[%cal Rd4b4]} 46. b5+ (46. Rc5+ $17 {war einen Versuch wert.} Kd6 47. a5) 46... axb5 $2 ({Lieber} 46... Kd6 $19 47. Re1 Rxa4 48. bxa6 bxa6) 47. axb5+ $11 Kd6 48. Rh5 Rd5 49. Rh7 b6 ({Viel schwächer ist} 49... Rxb5 50. Kf3 $17) 50. Kf3 Kc5 51. Ke4 {Weiss will mit Tc7+ Matt setzen.} Kc4 (51... Rd1 {is interesting.} 52. Rh5+ Kc4 53. Ke3 Rd3+ 54. Ke2 Rd8) 52. Rh6 Rxb5 {Mit der Idee ...Tb1.} 53. Rc6+ (53. Ke3 $1 $11) 53... Kb3 $17 54. Kd4 (54. Kd3 $1 $11 {hält das Gleichgewicht.}) 54... Rb4+ 55. Kd3 b5 {[%cal Bb6b5,Bb5b4,Bb4b3,Bb3b2][%mdl 32]} 56. Rc3+ $2 {[%mdl 8192]} (56. Rb6 $17) 56... Kb2 {Schwarz setzt Matt.} 57. Rc2+ {[#]} Ka3 $1 58. Rc8 Rb2 59. Ra8+ Kb3 60. Rb8 b4 61. Rc8 Rh2 62. Rb8 Ka3 63. Kc4 Rc2+ 64. Kd3 b3 65. Ra8+ Kb2 66. Rb8 Ka2 67. Rb7 Rh2 68. Kc3 b2 69. Ra7+ Kb1 70. Rg7 Rh3+ 71. Kd2 Ka2 72. Ra7+ Ra3 {Precision: Weiß = 56%, Schwarz = 73%.} 0-1